Kabale University Library Catalogue

Anglo-American cataloguing rules / (Record no. 5740)

MARC details
000 -LEADER
fixed length control field 02299cai a2200385 a 4500
005 - DATE AND TIME OF LATEST TRANSACTION
control field 20250711094731.0
008 - FIXED-LENGTH DATA ELEMENTS--GENERAL INFORMATION
fixed length control field 020618d20022005oncar l b 0 2eng c
020 ## - INTERNATIONAL STANDARD BOOK NUMBER
International Standard Book Number 083893529X
020 ## - INTERNATIONAL STANDARD BOOK NUMBER
International Standard Book Number 0838935303
020 ## - INTERNATIONAL STANDARD BOOK NUMBER
International Standard Book Number 0838935311
020 ## - INTERNATIONAL STANDARD BOOK NUMBER
International Standard Book Number 0888023006
020 ## - INTERNATIONAL STANDARD BOOK NUMBER
International Standard Book Number 0888022999
035 ## - SYSTEM CONTROL NUMBER
System control number (OCoLC)244647719
040 ## - CATALOGING SOURCE
Original cataloging agency KABLIB
Language of cataloging eng
Transcribing agency KABLIB
Description conventions rda
082 00 - DEWEY DECIMAL CLASSIFICATION NUMBER
Edition number 23
Classification number 025.32
Item number ANG
245 00 - TITLE STATEMENT
Title Anglo-American cataloguing rules /
Statement of responsibility, etc. prepared under the direction of the Joint Steering Committee for Revision of AACR, a committee of the American Library Association [and others].
246 1# - VARYING FORM OF TITLE
Display text Commonly known as:
Title proper/short title AACR2
250 ## - EDITION STATEMENT
Edition statement 2nd ed., 2002 revision, 2005 update.
260 ## - PUBLICATION, DISTRIBUTION, ETC.
Place of publication, distribution, etc. Ottawa :
Name of publisher, distributor, etc. Canadian Library Association ;
Place of publication, distribution, etc. Chicago :
Name of publisher, distributor, etc. American Library Association,
Date of publication, distribution, etc. 2002-2005.
300 ## - PHYSICAL DESCRIPTION
Extent xx, 1 volume (loose-leaf) ;
Dimensions 30 cm
504 ## - BIBLIOGRAPHY, ETC. NOTE
Bibliography, etc. note Includes bibliographical references and index.
505 0# - FORMATTED CONTENTS NOTE
Formatted contents note Description. General rules for description -- Books, pamphlets, and printed sheets -- Cartographic materials -- Manuscripts (including manuscript collections) -- Music -- Sound recordings -- Motion pictures and videorecordings -- Graphic materials -- Electronic resources -- Three-dimensional artefacts and realia -- Microforms -- Continuing resources -- Analysis -- Headings, uniform titles, and references. Choice of access points -- Headings for persons -- Geographic names -- Headings for corporate bodies -- Uniform titles -- References -- Appendices. Capitalization -- Abbreviations -- Numerals -- Glossary -- Initial articles.
650 #0 - SUBJECT ADDED ENTRY--TOPICAL TERM
Topical term or geographic name entry element Descriptive cataloging
Form subdivision Rules.
9 (RLIN) 14538
650 #2 - SUBJECT ADDED ENTRY--TOPICAL TERM
Topical term or geographic name entry element Cataloging
General subdivision standards
9 (RLIN) 14539
650 #6 - SUBJECT ADDED ENTRY--TOPICAL TERM
Topical term or geographic name entry element Catalogage
General subdivision Règles.
9 (RLIN) 14540
650 #6 - SUBJECT ADDED ENTRY--TOPICAL TERM
Topical term or geographic name entry element Catalogage
Form subdivision Règles.
9 (RLIN) 14541
650 #7 - SUBJECT ADDED ENTRY--TOPICAL TERM
Topical term or geographic name entry element Descriptive cataloging.
Source of heading or term fast
Authority record control number or standard number (OCoLC)fst00891123
9 (RLIN) 14542
655 #7 - INDEX TERM--GENRE/FORM
Genre/form data or focus term Rules.
Source of term fast
Authority record control number or standard number (OCoLC)fst01423857
9 (RLIN) 14543
655 #7 - INDEX TERM--GENRE/FORM
Genre/form data or focus term Rules.
Source of term lcgft
9 (RLIN) 14543
710 2# - ADDED ENTRY--CORPORATE NAME
Corporate name or jurisdiction name as entry element Joint Steering Committee for Revision of AACR.
9 (RLIN) 14544
710 2# - ADDED ENTRY--CORPORATE NAME
Corporate name or jurisdiction name as entry element American Library Association.
9 (RLIN) 14545
773 08 - HOST ITEM ENTRY
Relationship information Included on the Web resource:
Main entry heading Library of Congress.
Uniform title Cataloger's desktop (Online)
International Standard Serial Number 1551-2185
Record control number (DLC) 2004212437
-- (OCoLC)55880929
780 02 - PRECEDING ENTRY
Title Anglo-American cataloguing rules.
Edition 2nd ed., 1998 revision
Record control number (DLC) 98008479
-- (OCoLC)39281762
942 ## - ADDED ENTRY ELEMENTS (KOHA)
Source of classification or shelving scheme Dewey Decimal Classification
Koha item type Book
Holdings
Withdrawn status Lost status Source of classification or shelving scheme Damaged status Not for loan Home library Current library Shelving location Date acquired Source of acquisition Total Checkouts Full call number Barcode Date last seen Price effective from Koha item type
    Dewey Decimal Classification     Mukombe Library Mukombe Library Reserve Section 11.07.2025 Purchased   025.32 ANG 13931 11.07.2025 11.07.2025 Book
    Dewey Decimal Classification     Mukombe Library Mukombe Library Reserve Section 11.07.2025 Purchased   025.32 ANG 13932 11.07.2025 11.07.2025 Book

Kabale University Library | Kabale University P.O Box 317, Kabale, Uganda
Tel : +256754017033, +256774661503 E-mail : library@kab.ac.ug